000 00521nam a2200217Ia 4500
003 OSt
005 20220928144428.0
006 a|||||r|||| 00| 0
007 ta
008 220927b |||||||| |||| 00| 0 eng d
024 _a68744
037 _cTextual
040 _aSDCL
_cSDCL
_beng
041 _2eng
_aeng
082 _aQ:3, L3
100 _aBone Jennifer Ed.
_9507725
245 0 _aReason to believe.
260 _c1973
942 _hQ:3, L3
_cTEXL
_2CC
999 _c827232
_d827232